Online
Catalog

Cantemos nuestra fe : (Record no. 52141)

MARC details
000 -CABECERA
campo de control de longitud fija 01103nam a22002417a 4500
003 - IDENTIFICADOR DEL NÚMERO DE CONTROL
campo de control DO-SdBNP
005 - FECHA Y HORA DE LA ÚLTIMA TRANSACCIÓN
campo de control 20220705135215.0
007 - CAMPO FIJO DE DESCRIPCIÓN FÍSICA--INFORMACIÓN GENERAL
campo de control de longitud fija ta
008 - DATOS DE LONGITUD FIJA--INFORMACIÓN GENERAL
campo de control de longitud fija 220705b1993 |||||||| |||| 001 0 spa d
040 ## - FUENTE DE LA CATALOGACIÓN
Centro catalogador/agencia de origen DO-SdBNP
Lengua de catalogación spa
Centro/agencia transcriptor BNPHU
082 4# - NÚMERO DE LA CLASIFICACIÓN DECIMAL DEWEY
Número de edición 22
Número de clasificación 264.2
Número de documento/Ítem C229c
111 ## - ENTRADA PRINCIPAL--NOMBRE DE CONGRESO/REUNIÓN
Nombre de congreso/reunión o jurisdicción como elemento de entrada Conferencia Dominicana de Religiosos (CONDOR)
Sede del congreso/Lugar de la reunión Santo Domingo )
Fecha del congreso/reunión (25 de marzo 1993 :
Término indicativo de función/relación Festividad de la anunciación de la Virgen María
9 (RLIN) 81935
245 10 - MENCIÓN DE TÍTULO
Título Cantemos nuestra fe :
Resto del título cantos para la celebración litúrgica y la vida cristiana /
Mención de responsabilidad, etc. Presentación de Jesús María de Jesús Moya, Obispo de San Francisco de Macorís ; ilustración de Angel Suárez
260 ## - PUBLICACIÓN, DISTRIBUCIÓN, ETC.
Lugar de publicación, distribución, etc. Santo Domingo :
Nombre del editor, distribuidor, etc. CONDOR;
Fecha de publicación, distribución, etc. 1993.
300 ## - DESCRIPCIÓN FÍSICA
Extensión 209 p. :
Otras características físicas il.;
Dimensiones 22 cm
590 ## - NOTA LOCAL (RLIN)
Nota local Inventariado, 2022 / SA
650 40 - PUNTO DE ACCESO ADICIONAL DE MATERIA--TÉRMINO DE MATERIA
9 (RLIN) 10989
Término de materia o nombre geográfico como elemento de entrada Eucaristía Liturgia
Subdivisión geográfica República Dominicana
650 40 - PUNTO DE ACCESO ADICIONAL DE MATERIA--TÉRMINO DE MATERIA
Término de materia o nombre geográfico como elemento de entrada Cancionero
Subdivisión general liturgico
Subdivisión geográfica República Dominicana
9 (RLIN) 81940
650 40 - PUNTO DE ACCESO ADICIONAL DE MATERIA--TÉRMINO DE MATERIA
9 (RLIN) 10989
Término de materia o nombre geográfico como elemento de entrada Eucaristía
Subdivisión general Culto Público
Subdivisión geográfica República Dominicana
700 1# - PUNTO DE ACCESO ADICIONAL--NOMBRE DE PERSONA
Nombre de persona Jesús Moya, Jesús María de
Término indicativo de función/relación presentación
9 (RLIN) 81937
700 1# - PUNTO DE ACCESO ADICIONAL--NOMBRE DE PERSONA
Nombre de persona Suarez, Angel
Término indicativo de función/relación ilustración
9 (RLIN) 81938
942 ## - ELEMENTOS DE PUNTO DE ACCESO ADICIONAL (KOHA)
Fuente del sistema de clasificación o colocación Dewey Decimal Classification
Tipo de ítem Koha Libro
Holdings
Estado de retiro Estado de pérdida Fuente del sistema de clasificación o colocación Restricciones de uso No para préstamo Código de colección Localización permanente Ubicación/localización actual Ubicación en estantería Fecha de adquisición Fuente de adquisición Signatura topográfica completa Código de barras Fecha visto por última vez Precio válido a partir de Tipo de ítem Koha
    Dewey Decimal Classification Excluido de préstamo   Patrimonio Dominicano Biblioteca Nacional Pedro Henríquez Ureña Biblioteca Nacional Pedro Henríquez Ureña En catalogación 19.02.2018 Donado BNPHU PD 264.2 C229c 2022-3319 05.07.2022 05.07.2022 Libro

Powered by Koha